00565nam a2200169Ia 450000500170000000800410001702000150005808200130007310000150008624500620010126000500016330000130021350000530022694200060027995200950028599900150038020250703014347.0240331s9999 xx 000 0 und d a9559355031 bCHAa392 aChandana,O 0aHurulu mangalyaya :bHurulu devalaya janawara gaveshanaya aRatmalanabPethikada Publishers & pressc1997 a117 p ., aHurulu Festival - Temple , Janawara Exploration cL 001040708LaWERCLbWERCLcSSCd2024-03-31l0o 392 CHAp2652r2024-03-31w2024-03-31yL c5054d5054